000
00213 a2200097 4500
001
57382
100
_a
245
_a
Physiology of behaviour
260
_a
USA
_b
Allyn, Bacon
_c
1995
090
_c
35142
_d
35142
942
_a
NUST-CAE
_c
MONOGRAPH
_c
27939
999
_c
292455
_d
292455